Graph-related optimization and decision theory / (Record no. 23183)
[ view plain ]
| 000 -LEADER | |
|---|---|
| fixed length control field | 01101cam a22003255a 4500 |
| 001 - CONTROL NUMBER | |
| control field | 18165083 |
| 005 - DATE AND TIME OF LATEST TRANSACTION | |
| control field | 20240818093017.0 |
| 008 - FIXED-LENGTH DATA ELEMENTS--GENERAL INFORMATION | |
| fixed length control field | 140522s2014 enka frbd 001 0 eng d |
| 020 ## - INTERNATIONAL STANDARD BOOK NUMBER | |
| International Standard Book Number | 9781848217430 |
| 040 ## - CATALOGING SOURCE | |
| Original cataloging agency | DLC |
| Language of cataloging | eng |
| Transcribing agency | DLC |
| Modifying agency | DLC |
| -- | EG-ScBUE |
| 082 04 - DEWEY DECIMAL CLASSIFICATION NUMBER | |
| Edition number | 22 |
| Classification number | 519.3 |
| Item number | KRI |
| 100 1# - MAIN ENTRY--PERSONAL NAME | |
| Personal name | Krichen, Saoussen. |
| 245 10 - TITLE STATEMENT | |
| Title | Graph-related optimization and decision theory / |
| Statement of responsibility, etc | Saoussen Krichen, Jouhaina Chaouachi. |
| 260 ## - | |
| -- | Lodon : |
| -- | ISTE Ltd. ; |
| -- | Hoboken : |
| -- | John Wiley & Sons, |
| -- | 2014. |
| 300 ## - PHYSICAL DESCRIPTION | |
| Extent | xxi, 156 p. : |
| Other physical details | ill. ; |
| Dimensions | 24 cm. |
| 336 ## - CONTENT TYPE | |
| Source | rdacontent |
| Content type term | text |
| Content type code | txt |
| 337 ## - MEDIA TYPE | |
| Media type term | unmediated |
| Source | rdamedia |
| Media type code | n |
| 338 ## - CARRIER TYPE | |
| Carrier type term | volume |
| Carrier type code | nc |
| Source | rdacarrier |
| 490 0# - SERIES STATEMENT | |
| Series statement | Focus series in computer engineering |
| 500 ## - GENERAL NOTE | |
| General note | Glossary : p. [147] |
| 500 ## - GENERAL NOTE | |
| General note | Index : p. [155]-156. |
| 504 ## - BIBLIOGRAPHY, ETC. NOTE | |
| Bibliography, etc | Bibliography : p. [149]-153. |
| 650 #7 - SUBJECT ADDED ENTRY--TOPICAL TERM | |
| Source of heading or term | BUEsh |
| 9 (RLIN) | 3997 |
| Topical term or geographic name as entry element | Graph theory. |
| 650 #7 - SUBJECT ADDED ENTRY--TOPICAL TERM | |
| 9 (RLIN) | 3485 |
| Topical term or geographic name as entry element | Mathematical optimization. |
| Source of heading or term | BUEsh |
| 650 #7 - SUBJECT ADDED ENTRY--TOPICAL TERM | |
| 9 (RLIN) | 4283 |
| Topical term or geographic name as entry element | Decision support systems. |
| Source of heading or term | BUEsh |
| 651 ## - SUBJECT ADDED ENTRY--GEOGRAPHIC NAME | |
| Source of heading or term | BUEsh |
| 653 ## - INDEX TERM--UNCONTROLLED | |
| Resource For college | Informatics and Computer Science |
| Arrived date list | November2016 |
| 700 1# - ADDED ENTRY--PERSONAL NAME | |
| Personal name | Chaouachi, Jouhaina. |
| 942 ## - ADDED ENTRY ELEMENTS (KOHA) | |
| Source of classification or shelving scheme | Dewey Decimal Classification |
| Classification part | RDA-MOD |
| Withdrawn status | Lost status | Source of classification or shelving scheme | Damaged status | Not for loan | Collection code | Home library | Current library | Shelving location | Date acquired | Source of acquisition | Cost, normal purchase price | Serial Enumeration / chronology | Total Checkouts | Full call number | Barcode | Date last seen | Cost, replacement price | Price effective from | Koha item type |
|---|---|---|---|---|---|---|---|---|---|---|---|---|---|---|---|---|---|---|---|
| Dewey Decimal Classification | Baccah | Central Library | Central Library | First floor | 17/11/2016 | Purchase | 680.00 | 2000088 | 519.3 KRI | 000034903 | 15/07/2025 | 850.00 | 17/11/2016 | Book - Borrowing |